25 Most Valuable Portuguese Footballers - Statistics

General Stats
  • This quiz has been taken 93 times
  • The average score is 17 of 25
Answer Stats
Club Player % Correct
Juventus Cristiano Ronaldo
100%
Manchester City Bernardo Silva
95%
Manchester United Bruno Fernandes
93%
Atletico Madrid Joao Felix
92%
Benfica Rafa Silva
92%
Eintracht Frankfurt Andre Silva
91%
Wolverhampton Wanderers Fabio Silva
90%
Manchester City Joao Cancelo
86%
Manchester City Ruben Dias
86%
Liverpool Diogo Jota
82%
Wolverhampton Wanderers Ruben Neves
77%
Borussia Dortmund Raphael Guerreiro
71%
Paris Saint-Germain Danilo Pereira
70%
Leicester City Ricardo Pereira
70%
AC Milan Rafael Leao
64%
Wolverhampton Wanderers Nelson Semedo
61%
Lille Renato Sanches
54%
Everton Andre Gomes
53%
Wolverhampton Wanderers Pedro Neto
48%
Barcelona Trincao
47%
Lyon Anthony Lopes
46%
Real Betis William Carvalho
45%
Wolverhampton Wanderers Daniel Podence
34%
Monaco Gelson Martins
34%
Benfica Pizzi
22%
No matching quizzes found
Score Distribution
Percent of People with Each Score
Percentile by Number Answered
Your Score History
You have not taken this quiz